| 000 | 00495pam a2200181 a 4500 | ||
|---|---|---|---|
| 020 | _a0582051436 : | ||
| 040 | _cDLC | ||
| 082 | 0 | 0 | _a428 LON 1992 A023 Or. |
| 100 | 1 | _aKleindl, Michael. | |
| 245 | 1 | 0 |
_aPeople in business : _bauthentic interviews for listening development / |
| 260 |
_aLondon ; _aNew York : _bLongman, _c1992. |
||
| 300 |
_a80 p. : _bill., map ; _c25 cm. |
||
| 650 | 0 | _aReaders | |
| 650 | 0 | _aEnglish language | |
| 650 | 0 | _aBusiness | |
| 700 | 1 | _aPickles, David. | |
| 942 | _cEK | ||
| 999 |
_c15783 _d15783 |
||